UM Logo

Community health nursing : (Record no. 1189)

MARC details
000 -LEADER
fixed length control field 00877nam a22002177a 4500
008 - FIXED-LENGTH DATA ELEMENTS--GENERAL INFORMATION
fixed length control field 160303b xxu||||| |||| 00| 0 eng d
020 ## - INTERNATIONAL STANDARD BOOK NUMBER
International Standard Book Number 978-0-7817-6584-8 (hb.)
082 ## - DEWEY DECIMAL CLASSIFICATION NUMBER
Edition number 2010
Classification number DC 610.7343
Item number Al5c
100 ## - MAIN ENTRY--PERSONAL NAME
9 (RLIN) 3381
Personal name Allender, Judith A.
245 ## - TITLE STATEMENT
Title Community health nursing :
Remainder of title promoting and protecting the public's health/
Statement of responsibility, etc. Judith A. Allender, Cherie Rector, Kristine D. Warner.
250 ## - EDITION STATEMENT
Edition statement 7th edition
260 ## - PUBLICATION, DISTRIBUTION, ETC. (IMPRINT)
Place of publication, distribution, etc. Philadelphia :
Name of publisher, distributor, etc. Wolters Kluwer Health/Lippincott Williams & Wilkins,
Date of publication, distribution, etc. c2010.
300 ## - PHYSICAL DESCRIPTION
Extent xxv, 930 pages :
Other physical details illustrations (chiefly col.) ;
Dimensions 29 cm.
500 ## - GENERAL NOTE
General note Includes bibliographical references and index.
650 #0 - SUBJECT ADDED ENTRY--TOPICAL TERM
9 (RLIN) 3384
Topical term or geographic name as entry element Community health nursing.
650 #0 - SUBJECT ADDED ENTRY--TOPICAL TERM
9 (RLIN) 3385
Topical term or geographic name as entry element Public health nursing.
650 #0 - SUBJECT ADDED ENTRY--TOPICAL TERM
9 (RLIN) 3386
Topical term or geographic name as entry element Health promotion.
700 ## - ADDED ENTRY--PERSONAL NAME
9 (RLIN) 3382
Personal name Rector, Cherie L.
700 ## - ADDED ENTRY--PERSONAL NAME
9 (RLIN) 3383
Personal name Warner, Kristine D.
942 ## - ADDED ENTRY ELEMENTS (KOHA)
Source of classification or shelving scheme Dewey Decimal Classification
Koha item type Circulation
Holdings
Withdrawn status Lost status Source of classification or shelving scheme Damaged status Not for loan Collection code Home library Current library Date acquired Source of acquisition Total Checkouts Full call number Barcode Date last seen Copy number Price effective from Koha item type
    Dewey Decimal Classification     Circulation UM Digos College - LIC UM Digos College - LIC 03/03/2016 Purchased   DC 610.7343 Al5c 2010 20429 05/15/2025 1 03/03/2016 Circulation